000
00269 a2200133 4500
001
59394
020
_a
040
_c
Anchieta - Pituba
240
1
0
_a
100 anos de república
_l
por
245
1
0
_a
100 anos de república
300
_a
60
650
4
_a
Brasil
942
_c
BK
999
_c
59394
_d
59394